00432nam a2200157 a 450000100060000000300090000600800410001504000280005608200150008410000190009924500340011826000500015230000100020265000210021265000410023313634CO-ViMGA141112s2004 ck r 000 u spa d aCO-ViMGAbspacCO-ViMGA04a198.9 C65p1 aCollins, James10aEl pensamiento de Kierkegaard aMexico : bFondo de Cultura Economica, c1958 a321p.14aFILOSOFIA DANESA14aKIERKEGAARD SOREN AABYE, 1913 - 1955